| 000 | 00726nam a2200193Ia 4500 | ||
|---|---|---|---|
| 008 | 090124s9999 xx 000 0 und d | ||
| 082 | _b16034 | ||
| 100 | _aस्टोन आयर्व्हिंग | ||
| 245 | _a चिरंतन प्रेम | ||
| 250 | _a1 | ||
| 260 |
_bपर्ल पब्लिकेशन्स प्राय़व्हेट लिमिटेड _c1958 |
||
| 300 | _a192 | ||
| 600 | _aस्टोन आयर्व्हिंग | ||
| 630 | _a चिरंतन प्रेम | ||
| 700 | _aदळवी विनायक विठठल | ||
| 700 | _aस्टोन आयर्व्हिंग | ||
| 730 | _a चिरंतन प्रेम | ||
| 942 | _cBOOK | ||
| 999 |
_c88529 _d88529 |
||